00505nam a2200145Ia 4500008004100000245013000041260001800171260000900189300000800198500001000206650001300216856003800229999001900267952007300286170516s9999 xx 000 0 und d aClinical Implications of 20-Hydroxyeicosatetraenoic Acid in the Kidney, Liver, Lung and Brain: An Emerging Therapeutic Target bPharmaceutics c2017 a9:1 aMarch xPharmacy uhttp://www.mdpi.com/1999-4923/9/1 c331071d331071 001040aCLbCLd2017-05-16l0r2017-05-16 00:00:00w2017-05-16yFOJ